Kitāb maʻrifat ʻulūm al-ḥadīth, (Record no. 86716)

MARC details
000 -LEADER
fixed length control field 01039cam a22002531 4500
001 - CONTROL NUMBER
control field sa 68015836
003 - CONTROL NUMBER IDENTIFIER
control field DLC
005 - DATE AND TIME OF LATEST TRANSACTION
control field 20260227112647.0
008 - FIXED-LENGTH DATA ELEMENTS--GENERAL INFORMATION
fixed length control field 891030s1966 ii 000 0 ara
010 ## - LIBRARY OF CONGRESS CONTROL NUMBER
LC control number sa 68015836
025 ## - OVERSEAS ACQUISITION NUMBER
Overseas acquisition number PL480:I-Ar-43
035 ## - SYSTEM CONTROL NUMBER
System control number (OCoLC)20570892
040 ## - CATALOGING SOURCE
Original cataloging agency DLC
Transcribing agency WaU
Modifying agency WaU
-- DLC
042 ## - AUTHENTICATION CODE
Authentication code premarc
050 00 - LIBRARY OF CONGRESS CALL NUMBER
Classification number BP135
Item number .H33 1966b
100 2# - MAIN ENTRY--PERSONAL NAME
Personal name Ḥākim al-Nīsābūrī, Muḥammad ibn ʻAbd Allāh,
Dates associated with a name 933-1014.
245 10 - TITLE STATEMENT
Title Kitāb maʻrifat ʻulūm al-ḥadīth,
Statement of responsibility, etc. taṣnīf Abī ʻAbd Allāh Muḥammad ibn ʻAbd Allāh al-Ḥāfiẓ al-Nīsābūrī ; iʻtaná bi-nashrihi wa-taṣḥīḥihi wa-al-taʻlīq ʻalayhi maʻa tarjamat al-muṣannif Muʻaẓẓam Ḥusayn.
250 ## - EDITION STATEMENT
Edition statement al-Ṭabʻah 2.
260 ## - PUBLICATION, DISTRIBUTION, ETC.
Place of publication, distribution, etc. Ḥaydarābād al-Dakkan,
Name of publisher, distributor, etc. Maṭbaʻat Majlis Dāʻirat al-Maʻārif al-ʻUthmānīyah,
Date of publication, distribution, etc. 1966.
300 ## - PHYSICAL DESCRIPTION
Extent 39, 330 p.
Dimensions 25 cm.
650 #0 - SUBJECT ADDED ENTRY--TOPICAL TERM
Topical term or geographic name entry element Hadith
General subdivision Criticism, interpretation, etc.
700 2# - ADDED ENTRY--PERSONAL NAME
Personal name Muʻaẓẓam Ḥusayn, al-Sayyid.
740 0# - ADDED ENTRY--UNCONTROLLED RELATED/ANALYTICAL TITLE
Uncontrolled related/analytical title Maʻrifat ʻulūm al-Ḥadīth.

No items available.

Powered by Koha